Countries With Highest & Lowest Urbanization - Statistics

General Stats
  • This quiz has been taken 29 times
  • The average score is 33 of 50
Answer Stats
Share Country % Correct
94% Japan
93%
14% Liechtenstein
93%
19% Niger
89%
89% Australia
86%
100% Singapore
86%
23% Chad
82%
92% Luxembourg
82%
100% Monaco
82%
100% Vatican City
82%
97% Belgium
79%
22% Micronesia
79%
24% Tonga
79%
91% Netherlands
75%
19% Samoa
75%
94% Iceland
71%
98% Kuwait
71%
99% Qatar
71%
94% San Marino
71%
86% Brazil
68%
20% Ethiopia
68%
92% Israel
68%
19% Nepal
68%
87% Palau
68%
13% Papua New Guinea
68%
22% Solomon Islands
68%
19% South Sudan
68%
11% Burundi
64%
21% Eswatini
64%
95% Malta
64%
86% New Zealand
64%
89% Bahrain
61%
88% Denmark
61%
92% Argentina
57%
90% Chile
57%
26% Kenya
57%
19% Saint Lucia
57%
26% Vanuatu
57%
16% Uganda
54%
95% Uruguay
54%
88% Lebanon
50%
16% Malawi
50%
18% Sri Lanka
50%
24% Antigua and Barbuda
46%
26% Burkina Faso
46%
21% Cambodia
46%
89% Venezuela
46%
87% Gabon
43%
8% Trinidad and Tobago
43%
23% Eritrea
39%
27% Tajikistan
36%
No matching quizzes found
Score Distribution
Percent of People with Each Score
Percentile by Number Answered
Your Score History
You have not taken this quiz